书目信息 |
| 题名: |
中国绘画史
|
|
| 作者: | 任道斌 , 关乃平 著 | |
| 分册: | ||
| 出版信息: | 南昌 江西少年儿童出版社 1997.10 |
|
| 页数: | 98页 | |
| 开本: | 26cm | |
| 丛书名: | 中国水墨画初级教材 | |
| 单 册: | ||
| 中图分类: | J212.1 | |
| 科图分类: | ||
| 主题词: | 绘画--技法(美术) | |
| 电子资源: | ||
| ISBN: | 7-5391-1236-0 | |
| 000 | 00768nam0 2200241 45 | |
| 001 | 0009220914 | |
| 005 | 20040517100846.2 | |
| 010 | @a7-5391-1236-0@dCNY25.00 | |
| 100 | @a20000922d1997 km y0chiy0120 ea | |
| 101 | 0 | @achi |
| 105 | @a z 000yy | |
| 200 | 1 | @a中国绘画史@AZhong Guo Hui Hua Shi@f任道斌,关乃平著@FRen Dao Bin,Guan Nai Ping Zhu |
| 210 | @a南昌@c江西少年儿童出版社@d1997.10 | |
| 215 | @a98页@d26cm | |
| 225 | @a中国水墨画初级教材@v1@f任道斌,关乃平主编 | |
| 410 | @12001 @a中国水墨画初级教材 | |
| 410 | @1700 0@a关乃平@AGuan Nai Ping@4主编@a任道斌@ARen Dao Bin@4主编 | |
| 606 | 0 | @a绘画@x技法(美术) |
| 690 | @aJ212.1@v1 | |
| 701 | 0 | @a任道斌@4著 |
| 701 | 0 | @a关乃平@4著 |
| 801 | @aCN@bTSTC@c20000922 | |
| 905 | @dJ212.1@e158:1@f3@b290723-725 | |
| 中国绘画史/任道斌,关乃平著.-南昌:江西少年儿童出版社,1997.10 |
| 98页;26cm.-(中国水墨画初级教材;1/任道斌,关乃平主编) |
| ISBN 7-5391-1236-0:CNY25.00 |
| ● |
| 相关链接 |
|
|
|
|
正题名:中国绘画史
索取号:J212.1/158:1
 
预约/预借
| 序号 | 登录号 | 条形码 | 馆藏地/架位号 | 状态 | 备注 |
| 1 | 0290723 | 002907233 | 第一借阅区/ [索取号:J212.1/158:1] | 在馆 | |
| 2 | 0290724 | 002907242 | 第一借阅区/ [索取号:J212.1/158:1] | 在馆 | |
| 3 | 0290725 | 002907251 | 第一样本阅览室/ [索取号:J212.1/158:1] | 在馆 |